MDQL
is popping MORE tags! Check the
thread
!
Quizzes
Events
Quiz Creation
Community
Videos
Private Events
Remove Ads
Sign In
Join for FREE
Feedback
Dark Mode
Quiz Categories
Sports
Geography
Music
Movies
Television
Just For Fun
Miscellaneous
History
Literature
Language
Science
Gaming
Entertainment
Religion
Holiday
For Kids
Quiz Lab
Recent
Popular Today
Quiz Kudos Today
Editor Picks
Curator Picks
Quizzes by...
Day
Popularity
Type
Ratings
Length
Year
Community
Subscriptions
Recent Discussions
Orange Saloon
Badges
Playlists
Quests
Create
Leaderboards
Showdown
Live 5
Trivia Bingo
Activity
Puzzle Library
Sporcle Events
Private Events
Virtual Trivia
Globe League
Become a Host
Pub Owners
SporcleCon
Opinionation
Our Games
Videos
Blog
Mobile Apps
Partnerships
Remove Ads and Go Orange
Feedback
Literature
Harry Potter
A Song of Ice and Fire
The Hunger Games
Literary Character
Shakespeare
Book
Author
Novel
Poem
Young Adult
Children's Books
Play
Lord of the Rings
Literature
Harry Potter
A Song of Ice and Fire
The Hunger Games
Literary Character
Shakespeare
Book
Author
Novel
Poem
Young Adult
Children's Books
Play
Lord of the Rings
Random Quiz
Search Sporcle
×
Quiz Lab
Quiz Lab
Literature
Harry Potter
Type in answers that appear in a list
Type in answers that appear in a list
Classic
Best Score? Go Orange.
Characters Who Die In Harry Potter Stats
Can you name the characters who die during the real time action of Harry Potter?
By
t_blu
10m
35 Questions
10.9K Plays
10,908 Plays
10,908 Plays
Comments
Comments
Give Quiz Kudos
Give Quiz Kudos
-
- Ratings
hide this ad
Random Order
Randomize order of answers
Randomize order of answers
Replay
Link that replays current quiz
Next Quiz
Link to next quiz in quiz playlist
You Got
0%
They Got
Avg Score
51%
Avg Friend Score
Upgrade to see
Score Distribution
Jump to the score distribution portion of the page
Score
0/35
Timer
10:00
0
Plays Today
Book
Character
% Correct
Half Blood Prince
Albus Dumbledore
93.2%
Goblet of Fire
Cedric Diggory
91.5%
Deathly Hallows
Peter Pettigrew
90.4%
Order of the Phoenix
Sirius Black
90.2%
Deathly Hallows
Professor Quirinus Quirrell
89%
Deathly Hallows
Lord Voldemort
86.9%
Deathly Hallows
Nymphadora Tonks
86.9%
Deathly Hallows
Emmeline Vance
84.6%
Deathly Hallows
Severus Snape
79%
Deathly Hallows
Remus Lupin
75.1%
Deathly Hallows
Bellatrix Lestrange
74.9%
Sorcerer's Stone
Professor Quirinus Quirrell
74.4%
Deathly Hallows
Nagini
72.5%
Goblet of Fire
Barty Crouch Sr.
66.6%
Deathly Hallows
Rufus Scrimgeour
65%
Deathly Hallows
Peter Pettigrew
58.6%
Deathly Hallows
Mrs. Abbott (Hannah Abbott's Mother)
58.3%
Deathly Hallows
Igor Karkaroff
48.3%
Book
Character
% Correct
Deathly Hallows
Sirius Black
45.5%
Deathly Hallows
Rufus Scrimgeour
34.8%
Goblet of Fire
Frank Bryce
33.2%
Deathly Hallows
Bathilda Bagshot
32.9%
Goblet of Fire
Bertha Jorkins
30.8%
Half Blood Prince
Colin Creevey
29.9%
Half Blood Prince
Aragog
28.1%
Deathly Hallows
Charity Burbage
27.4%
Half Blood Prince
Igor Karkaroff
26.4%
Deathly Hallows
Gellert Grindelwald
25.1%
Deathly Hallows
Antonin Dolohov
23.3%
Deathly Hallows
Dirk Cresswell
17.2%
Order of the Phoenix
Broderick Bode
15.8%
Half Blood Prince
Mrs. Abbott (Hannah Abbott's Mother)
13.6%
Half Blood Prince
Emmeline Vance
13.1%
Deathly Hallows
Gregorovitch
12.8%
Deathly Hallows
Gornuk
12.6%
Quiz Playlist
Details
Report
Send in Message
Add To Playlist
Classic:
Type in answers that appear in a list
Random Order:
Randomize order of answers
Quiz Source
Last Updated: Feb 16, 2017
Quiz Scoreboard
CHALLENGE
Sign Up to Join the Scoreboard
Show All
Scores
Hide
Comments
May contain spoilers
Recently Published
5x2 Blitz: Bands
by SL_Kpop136
Music
30s
Colored Red Africa Blitz
by spor1
Geography
30s
Find the 'City' Movie
by crazypaving
Movies
60s
More to Explore
Quiz From the Vault
Featured Blog Post
14 Easter Pick-up Lines to Find Eggs With
hide this ad
You Might Also Like...
Tags
Book Quiz
Harry Potter Quiz
Action
Character
death
same
Today's Top Quizzes in Literature
Browse Literature
hide this ad
Today's Top Quizzes in Harry Potter
Browse Harry Potter
Top Contributed Quizzes in Literature
1
Sneaky Slytherin Logic Puzzle
2
Harry Potter Slytherin Logic Puzzle
3
Get The Picture: Black or White Literature
4
Logic Puzzle: Avoid Dumbledore's Army
5
Mini Trivia Sudoku: A Song of Ice and Fire
6
A Song of Ice and Fire Logic Puzzle
7
One Thing in Common: Literature II
8
Books By Opening Lines IV
9
The Hunger Games Logic Puzzle: Find Katniss
10
Silmarillion Characters by Any 3 Letters
Explore More
Trending Topics
Harry Potter
Disney
Anime
Crossword
NBA
Marvel
Kpop
Soccer
Puzzle
Song
WWE
The Office
NFL
Pokémon
Country
hide this ad
More By:
t_blu
Quiz
Plays
Rating
Category
Featured
Created
Harry Potter Foursomes II
69,685
4.49
Literature
Nov 29, 2009
60 second blitz- Harry Potter
28,410
2.88
Literature
Mar 9, 2010
Famous Threesomes- Harry Potter
19,280
4.29
Literature
Jan 5, 2010
Washington DC Metro Stations
4,179
3.74
Geography
Nov 13, 2009
Knitting Abbreviations
1,111
4.07
Miscellaneous
Oct 9, 2009
Go to Creator's Profile
Score Distribution
Quiz Creator Spotlight
t_blu
Follow
Send a Message
Quizzes Created
-
Created Quiz Play Count
-
More By This Creator
Popular Quizzes Today
1
Colored Red Africa Blitz
2
Find the 'City' Movie
3
5x2 Blitz: Bands
4
Find the US States - No Outlines Minefield
5
The Countries of the World
6
Find the US States
7
US States
8
Find the Countries of Europe - No Outlines Minefield
More Literature Quizzes
Pick the ASOIAF POV Character
Published
Trending Quizzes
Colored Red Europe Blitz I
Colored Red Europe Blitz II
Colored Red Africa Blitz II
Colored Red Europe Blitz III
Colored Red Africa Blitz III
Recently Updated
How Do You Spell That?
pecheneg
Godzilla Movies
pecheneg
Grab Bag: 4-10 Letters
pecheneg
2024 March Madness Bracket
pecheneg
Famous TV Couples
Peacemaker
Champions League XIs: Real Madrid
pecheneg
Largest US Cities 1790-2010
pecheneg
Rides in Walt Disney World
pecheneg
Most Oscar Losses (Acting)
pecheneg
Beyoncé Albums
pecheneg
Trending Topics
Disney
Anime
NBA
Harry Potter
Marvel
Kpop
Crossword
The Office
Song
Country
Puzzle
Soccer
Pokémon
NFL
WWE
Your Account Isn't Verified!
In order to create a playlist on Sporcle, you need to verify the email address you used during registration. Go to your
Sporcle Settings
to finish the process.
Report this User
Report this user for behavior that violates our
Community Guidelines
.
Details:
Send Report
Go to the Sporcle.com Mobile Site →
Comments